Super pendus - Pokémon - Statistiques

Statistiques générales
  • Ce quiz a été pris 1 859 fois
  • Le résultat moyen est 56 sur 72
Statistiques - réponses
Réponses % Correct
A
98%
A
98%
A
98%
A
98%
A
98%
A
98%
A
98%
I
96%
I
96%
I
96%
I
96%
I
96%
I
96%
E
92%
E
92%
E
92%
E
92%
E
92%
E
92%
E
92%
O
89%
O
89%
O
89%
O
89%
O
89%
O
89%
O
89%
O
89%
L
83%
L
83%
L
83%
L
83%
L
83%
P
83%
P
83%
P
83%
P
83%
P
83%
U
82%
U
82%
R
80%
R
80%
R
80%
R
80%
N
76%
N
76%
N
76%
N
76%
N
76%
C
74%
C
74%
T
67%
T
67%
T
67%
B
63%
B
63%
B
63%
B
63%
B
63%
F
57%
G
55%
G
55%
G
55%
D
50%
D
50%
D
50%
X
46%
X
46%
Y
46%
H
44%
H
44%
H
44%
Aucun quiz correspondant
Distribution des résultats
% des personnes avec chaque résultat
Percentile par nombre de réponses
Votre historique - résultats
Vous n’avez pas pris ce quiz